01099nas a2200277Ia 4500001002800000003001000028008004100038040002500079041001300104100002000117210001800137222001800155245006300173250001100236260000900247501012300256300001400379362003600393500010800429650002600537700001100563942000700574957000600581999003300587952020100620A06/R061-19786 [r000018935]IT-MiCISF161014c99999999xx |||||||||||| ||und|| aIT-MiCISFcIT-MiCISF aITALIANO aPetrini Massimo aAnime e corpi aAnime e corpi 0aLinee di assistenza al malato oncologico in fase terminale a1a ed. c1997 bCISF - Centro Internazionale Studi Famiglia - Via Giotto, 36 20145 MILANO (non commercial uses only)cCopyright 2016 app. 53-86 an. 189, gennaio-febbraio [1997] a Tema: malato-terminale, malato-oncologico, operatori-sanitari, dolore, atteggiamenti-verso-morte, cura asalute curavarticolo aAA.VV. cCR 71 a19786bSig1c230973d230973 0010406A_06_000000000000000_R06119786_R00001893571aCISFbCISFd2016-10-14l0oA06/R061-19786 [r000018935]r2016-10-14 00:00:00w2016-10-14yCRzData import 15.10.2016 / by Epidotti, Vaglietti